Didática de las Ciencias Sociales. Fundamentos, contextos y propuestas

Gorde:
Xehetasun bibliografikoak
Egile nagusia: Liceras Ruiz, Angel (coordinador)
Beste egile batzuk: Romero Sánchez, Guadalupe (coordinadora)
Formatua: Ezezaguna
Hizkuntza:ingelesa
Argitaratua: madrid, España. Ediciones Pirámide, 2020
Saila:Colección Psicología
Gaiak:
Etiketak: Etiketa erantsi
Etiketarik gabe, Izan zaitez lehena erregistro honi etiketa jartzen!

MARC

LEADER 00000 a2200000 4500
003 CL-VaPUC
005 20211005161003.0
008 210906b2020 ||||| |||| 00| 0 eng d
999 |c 433554  |d 433552 
020 |a 978-84-368-3565-6 
040 |c Pontificia Universidad Católica de Valparaíso 
082 |a 372.83 LIC 2020 
100 1 |a Liceras Ruiz, Angel  |9 862954  |e coordinador 
245 |a Didática de las Ciencias Sociales.  |b Fundamentos, contextos y propuestas 
260 |a madrid, España.  |b Ediciones Pirámide,   |c 2020 
300 |a 300 páginas  
440 |a Colección Psicología   |9 860267 
583 |k Cristina Rojas  |c 20210906 
650 0 |a Enseñanza de las ciencias sociales  |9 337823 
650 0 |a Ciencias sociales   |9 256351  |x Epistemología 
700 |a Romero Sánchez, Guadalupe  |e coordinadora  |9 862960 
942 |2 ddc  |c BK 
952 |0 0  |1 0  |2 ddc  |4 0  |6 372_830000000000000_LIC_2020  |7 0  |8 A  |9 578797  |a BIBHIS  |b BIBHIS  |d 2021-09-06  |e 52  |g 30633.96  |i 558843K  |o 372.83 LIC 2020  |p 558843K  |r 2025-01-20  |t 1  |v 30633.96  |w 2021-09-06  |y BK  |k HIS